000 00310nam a22001337a 4500
008 181005b xxu||||| |||| 00| 0 eng d
020 _a06910245251
041 _aeng
080 _a201
100 _a24
101 _aTEO
245 _aTheology and the Scientific Imagination
_cFunkestein, A
942 _2udc
_cBK
999 _c48891
_d48891